Multiple Choice City Quiz – Warsaw - Statistics

General Stats
  • This quiz has been taken 11,956 times
    11,905 since last reset
  • The average score is 7 of 10
Answer Stats
Question Answer % Correct
Other than Poland, what is the most common country of birth for Warsaw residents? Ukraine
90%
How is Warsaw spelled in its native language? Warszawa
81%
Who arrived at Warsaw airport in 1979, kissed the ground, and perhaps set in motion the end of Communism in Poland? John Paul II
79%
What was the Warsaw Pact? The Soviet version of NATO
77%
What composer is the namesake of Warsaw's international airport? Frédéric Chopin
71%
What river flows through Warsaw? Vistula
71%
Which of these movies is set in Warsaw? The Pianist
68%
What was Marie Curie's name when she was born in Warsaw in 1867? Maria Skłodowska
63%
When did the Warsaw Uprising happen? 1944
60%
On Fat Thursday, people in Warsaw flock to local stores to buy pączki. What are they? Jelly donuts
40%
No matching quizzes found
Score Distribution
Percent of People with Each Score
Percentile by Number Answered
Your Score History
You have not taken this quiz since the last reset